logo

Bir Sreshtho Munshi Abdur Rouf Library
Jhenaidah Cadet College

এলিরিন / (Record no. 12282)

MARC details
000 -LEADER
fixed length control field 00857nam a2200241 a 4500
001 - CONTROL NUMBER
JCCL Control Number 12282
003 - CONTROL NUMBER IDENTIFIER
JCCL marc code BD-JhCC
005 - DATE AND TIME OF LATEST TRANSACTION
control field 20230202134025.0
008 - FIXED-LENGTH DATA ELEMENTS--GENERAL INFORMATION
fixed length control field 210921b2020 bg a|||| ||a| 000 0 ben d
020 ## - INTERNATIONAL STANDARD BOOK NUMBER
International Standard Book Number 9789849482758
035 ## - SYSTEM CONTROL NUMBER
system control number (BD-JhCC)12282
040 ## - CATALOGING SOURCE
Original cataloging agency BD-JhCC
Modifying agency BD-JhCC
041 ## - LANGUAGE CODE
Language code of Book Bengali
082 ## - DEWEY DECIMAL CLASSIFICATION NUMBER
Classification number 813.54
Author mark and Year MAH 2020
100 ## - MAIN ENTRY--PERSONAL NAME
Personal name মাহমুল,আব্দুল্লাহ ইবনে
245 ## - TITLE STATEMENT
Title এলিরিন /
Statement of responsibility, etc আব্দুল্লাহ ইবনে মাহমুল, সম্পা:মুহাইমিনুল ইসলাম অন্তিক ।
260 ## - PUBLICATION, DISTRIBUTION, ETC. (IMPRINT)
Place of publication, distribution, etc ঢাকা:
Name of publisher, distributor, etc আদি;
Date of publication, distribution, etc ২০২০.
300 ## - PHYSICAL DESCRIPTION
Pagination 144 p. :
Dimensions 22 cm.
650 ## - SUBJECT ADDED ENTRY--TOPICAL TERM
Topical term or geographic name as entry element Short Stories, Fiction
700 ## - ADDED ENTRY--PERSONAL NAME
Personal name মুঅন্তিক, হাইমিনুল ইসলাম
942 ## - ADDED ENTRY ELEMENTS (KOHA)
Source of classification or shelving scheme Dewey Decimal Classification
Koha item type Books
Koha issues (borrowed), all copies 3
Holdings
Source of classification or shelving scheme Damaged status Not for loan Home library Current library Shelving location Date of accession Cost, normal purchase price Total Checkouts Full call number Barcode Checked out Date last seen Date checked out Copy number Koha item type
Dewey Decimal Classification     JCC Rouf Library JCC Rouf Library General Stacks 05/11/2023 220.00 17 813.54 MAH 2020 16752 01/13/2026 12/18/2025 12/18/2025 C-1 Books

JCC Library | Contacts | JCC Home

Last Update on 23 September 2017
Copyright @ 2017-2020 JCC Rouf Library
Rouf Library, Jhenidah Cadet College (JCC), Bangladesh